000 00302nam a2200109Ia 4500
008 230724s2007 xx und d
041 _aeng
100 _aGUHAS S K.
245 _aCENTRAL WATER AND POWER RESEARCH
260 _bCENTRAL COUNCIL FOR RESEARCH IN AYURVEDA AND SIDDHA
_c2007
300 _a811
999 _c1177862
_d1177862